Scripture today : handling the Word rightly : the eleventh national conference of Trinity Institute /

Bibliographic Details
Corporate Author: Trinity Institute
Other Authors: Borsch, Frederick Houk, McDonald, Durstan R.
Format: Book
Language:English
Published: Wilton, Conn. : Morehouse-Barlow Co., [1980]
Subjects:

MARC

Tag First Indicator Second Indicator Subfields
LEADER 00000cam a2200000 a 4500
001 in00000050002
005 20151007075943.0
008 811207s1980 ctu b 10000 eng
010 |a  80081100  
020 |a 0819212717 (pbk.) 
035 |a (OCoLC)07854158 
035 |9 AAF4050AM 
039 0 |a 2  |b 3  |c 3  |d 3  |e 3 
040 |a DLC  |c DLC  |d TXA  |d UtOrBLW 
049 |a TXAM  |c [1387702] 
050 0 0 |a BS511.2  |b  S39 
082 0 |a 220.6/01  |2 19 
245 0 0 |a Scripture today :  |b handling the Word rightly : the eleventh national conference of Trinity Institute /  |c [Frederick Borsch ... and others] ; Durstan R. McDonald, editor. 
264 1 |a Wilton, Conn. :  |b Morehouse-Barlow Co.,  |c [1980] 
264 4 |c ©1980 
300 |a 102 pages ;  |c 19 cm. 
336 |a text  |b txt  |2 rdacontent 
337 |a unmediated  |b n  |2 rdamedia 
338 |a volume  |b nc  |2 rdacarrier 
504 |a Includes bibliographical references. 
505 0 |a The living word / O.C. Edwards -- Ears that hear and do not hear / Frederick H. Borsch -- Pastoral hermeneutics / Peggy A. Way -- Narrative and symbol / David W. Tracy -- Pentecostal economics / Jim Wallis. 
630 0 0 |a Bible  |x Criticism, interpretation, etc.  |x Congresses. 
630 0 0 |a Bible  |x Hermeneutics  |x Congresses. 
700 1 |a Borsch, Frederick Houk. 
700 1 |a McDonald, Durstan R. 
710 2 |a Trinity Institute. 
999 |a MARS 
999 f f |s c6eddd38-4a14-342b-b8e5-c83b4707209d  |i 0da10e38-3af6-3972-a425-93cd34400a0c  |t 0 
952 f f |p ric  |a Texas A&M University  |b Rellis Campus  |c Joint Library Facility  |d Remote Storage  |t 0  |e BS511.2 S39  |h Library of Congress classification  |i unmediated -- volume  |m A14805944620 
998 f f |a BS511.2 S39  |t 0  |l Remote Storage